000 00911cam a2200241 4500
001 J128713
008 000000n2005 000 0 eng u
022 _a0260-6216
035 _a(Sirsi) u128713
041 _aeng
050 _a692.5
_c18
110 _aBuilding Cost Information Service
_91096
245 _aBCIS quarterly review of building prices
_bissue 96-99 (Jan 2005-Oct 2005)
260 _aLondon
_bBCIS
_c2005
300 _a2pt.
_c30cm.
350 _a295.00
520 _aThis item is part of a subscription service and cannot be photocopied. Neither can be any part of it be read out over the phone. Please contact BCIS direct on +44 (0)20 7695 1500 for details.
650 _aBUILT ENVIRONMENT-BUILDING COSTS
650 _aQUARTERLY REVIEW OF BUILDING PRICES
650 _aBUILT ENVIRONMENT-BUILDING COSTS-REINSTATEMENT COSTS
690 _aBUILT ENVIRONMENT-BUILDING COSTS
942 _n0
999 _c103992
_d103992